书目信息 |
| 题名: |
用光之道
|
|
| 作者: | 高觉 著 | |
| 分册: | ||
| 出版信息: | 杭州 浙江摄影出版社 2018 |
|
| 页数: | 159页 | |
| 开本: | 25cm | |
| 丛书名: | “风光摄影四部曲”丛书 | |
| 单 册: | ||
| 中图分类: | J414 , TB811 | |
| 科图分类: | ||
| 主题词: | 风光摄影--feng guang she ying--摄影光学 | |
| 电子资源: | ||
| ISBN: | 978-7-5514-1914-7 | |
| 000 | 01006nam 2200289 450 | |
| 001 | 012001007062 | |
| 005 | 20130301135015.0 | |
| 010 | @a978-7-5514-1914-7@dCNY68.00 | |
| 099 | @aCAL 012018032841 | |
| 100 | @a20180403d2018 em y0chiy50 ea | |
| 101 | 0 | @achi |
| 102 | @aCN@b330000 | |
| 105 | @aa z 000yy | |
| 106 | @ar | |
| 200 | 1 | @a用光之道@Ayong guang zhi dao@d= The fundamentals of light@f高觉著@zeng |
| 210 | @a杭州@c浙江摄影出版社@d2018 | |
| 215 | @a159页@c彩图@d25cm | |
| 225 | 2 | @a“风光摄影四部曲”丛书@A“ feng guang she ying si bu qu ” cong shu |
| 330 | @a本书分别从风光摄影的若干用光要领和知识理论入手,细致讲解主光、辅光、背景光、轮廓光、人工光、自然光、光位、光质、光比等精要内容。 | |
| 410 | 0 | @12001 @a“风光摄影四部曲”丛书 |
| 510 | 1 | @aFundamentals of light@zeng |
| 606 | 0 | @a风光摄影@Afeng guang she ying@x摄影光学 |
| 690 | @aJ414@v5 | |
| 690 | @aTB811@v5 | |
| 701 | 0 | @a高觉@Agao jue@4著 |
| 801 | 2 | @aCN@b上海新华@c20191020 |
| 905 | @b1132767-70@dJ414@e392@f4 | |
| 用光之道= The fundamentals of light/高觉著.-杭州:浙江摄影出版社,2018 |
| 159页:彩图;25cm.-(“风光摄影四部曲”丛书) |
| ISBN 978-7-5514-1914-7:CNY68.00 |
| 本书分别从风光摄影的若干用光要领和知识理论入手,细致讲解主光、辅光、背景光、轮廓光、人工光、自然光、光位、光质、光比等精要内容。 |
| ● |
| 相关链接 |
|
|
|
|
正题名:用光之道
索取号:J414/392
 
预约/预借
| 序号 | 登录号 | 条形码 | 馆藏地/架位号 | 状态 | 备注 |
| 1 | 1132767 | 211327679 | 第一样本阅览室/ [索取号:J414/392] | 在馆 | |
| 2 | 1132768 | 211327688 | 第一借阅区/ [索取号:J414/392] | 在馆 | |
| 3 | 1132769 | 211327697 | 第一借阅区/ [索取号:J414/392] | 在馆 | |
| 4 | 1132770 | 211327704 | 第一借阅区/ [索取号:J414/392] | 在馆 |